Estatísticas para Olimpíadas: Cidades e países-sede até 2032

Clique aqui para jogar o quiz

Estatísticas Gerais

  • Esse quiz foi jogado 364 vezes
    (313 desde o último reset)
  • A pontuação média é 26 de 35

Estatísticas das Respostas

AnoCidade, País% Correto
1924Paris, França
97%
2024Paris, França
97%
1900Paris, França
97%
2016Rio de Janeiro, Brasil
97%
1896Atenas, Grécia
96%
2004Atenas, Grécia
96%
2020 (adiada para 2021 em razão da pandemia de COVID-19)Tóquio, Japão
96%
1964Tóquio, Japão
96%
1908Londres, Reino Unido
94%
2012Londres, Reino Unido
94%
1944 (não realizada em função da 2ª Guerra Mundial)Londres, Reino Unido
94%
1948Londres, Reino Unido
94%
2008Pequim, China
91%
1936Berlim, Alemanha
84%
1916 (não realizada em função da 1ª Guerra Mundial)Berlim, Alemanha
84%
1992Barcelona, Espanha
83%
1980Moscou, Rússia
80%
1960Roma, Itália
79%
2000Sydney, Austrália
78%
2028Los Angeles, EUA
75%
1932Los Angeles, EUA
75%
1984Los Angeles, EUA
75%
1988Seul, Coreia do Sul
71%
1968Cidade do México, México
70%
1996Atlanta, EUA
67%
1972Munique, Alemanha
59%
1912Estocolmo, Suécia
50%
1976Montreal, Canadá
49%
1956Melbourne, Austrália
47%
1952Helsinque, Finlândia
42%
1940 (não realizada em função da 2ª Guerra Mundial)Helsinque, Finlândia
42%
2032Brisbane, Australia
40%
1920Antuérpia, Bélgica
39%
1928Amsterdã, Holanda
37%
1904Saint Louis, EUA
30%

Distribuição das Pontuações

Percentil de Números Respondidos

Porcentagem de Pessoas com Cada Pontuação

Sua Pontuação Histórica

Você não jogou esse quiz desde o último reset